01013na a2200277 450000100060000000300080000600500170001400800410003102000180007204000250009004100080011508200250012309000240014810000160017224501020018824600580029026000560034830000190040450400290042365000250045265000280047774000580050594200130056395201440057699900150072024471MIRAKIL20181213155110.0181115b tu 000 0  a9786050923254 aMilasbturcTR-AnCHP atur a340.09561bA49t 2014 a340.09561 A49t 2014 aAkyol, Taha aTürkiye'nin hukuk serüvenibfıkıhtan hukuka ve demokrasiye geçiş sorunlarıcTaha Akyol afıkıhtan hukuka ve demokrasiye geçiş sorunları aİstanbulbDoğan Kitapc2014fMega basım yayın a328 s.c23 sm. aKaynakça ve dizin var. aDemokrasixTürkiye aHukukxTarihzTürkiye afıkıhtan hukuka ve demokrasiye geçiş sorunları 2dcccBKS a0001b0001d2018-11-15e2l0o340.09561 A49t 2014p018407r2018-11-15 00:00:00v0.00w2018-11-15xBağışlayan: Ertuğrul ÇepniyBKS c6536d6536